000 00393nam a2200133 4500
005 20260530113904.0
100 1 _aArt Directors Club of New York
_932597
245 1 0 _a47th annual of Advirtising, editorial &television art & design
264 1 _bThe Comet Press NY
_c1968
300 _a480 páginas
336 _atexto
_2rdacontent
337 _asin medio
_2rdamedia
338 _avolumen
_2rdacarrier
999 _c11876
_d11876